| 000 | 01756cam a2200277 4500 | ||
|---|---|---|---|
| 001 | L130650 | ||
| 008 | 050822n2005 000 0 eng u | ||
| 020 | _a0117539511 | ||
| 035 | _a(Sirsi) u130650 | ||
| 041 | _aeng | ||
| 110 |
_aOffice of the Deputy Prime Minister _94685 |
||
| 245 |
_aBiodiversity and geological conservation - statutory obligations and their impact within the planning system _h[electronic resource] |
||
| 260 |
_aLondon _bODPM _c2005 |
||
| 300 | _a88p | ||
| 490 | _aODPM Circular | ||
| 490 | _aDEFRA Circular | ||
| 520 | _aThis joint Circular (ODPM Circular 06/2005/DEFRA Circular 01/2005) provides administrative guidance on the application of the law relating to planning and nature conservation as it applies in England. The Circular complements the new national planning policy published in "Planning Policy Statement 9: biodiversity and geological conservation" (PPS9) (L130648). Brings together advice on sources of legislation which may be encountered by planning authorities in respect of internationally designated sites, nationally designated sites, the conservation of habitats and species outside designated sites, the conservation of species protected by law and other duties and use of statutory powers by planning authorities. | ||
| 590 | _aIKA300805 | ||
| 650 | _aPLANNING POLICY STATEMENT NINE | ||
| 650 | _aODPM CIRCULAR 06/2005 | ||
| 650 | _aDEFRA CIRCULAR 01/2005 | ||
| 690 | _aENVIRONMENTAL AND LAND CONSULTANCY-PLANNING AND DEVELOPMENT-PLANNING GUIDANCE | ||
| 710 |
_aDepartment for Environment, Food and Rural Affairs _94094 |
||
| 856 |
_uhttps://www.communities.gov.uk/documents/planningandbuilding/pdf/147570.pdf _zView the Circular free of charge at www.communities.gov.uk... |
||
| 942 | _n0 | ||
| 999 |
_c104505 _d104505 |
||